Χώρες με Περισσότερους από 50 Εκατομμύρια Κατοίκους - Statistics

General Stats
  • This quiz has been taken 22 times
  • The average score is 22 of 31
Answer Stats
Ημερομηνία Πληθυσμός Χώρα % Correct
500 1451 m Ινδία
100%
100 πΧ 1427 m Κίνα
100%
1963 251 m Πακιστάν
100%
1825 145 m Ρωσία
100%
1880 349 m Ηνωμένες Πολιτείες
95%
1949 212 m Βραζιλία
95%
1985 117 m Αίγυπτος
95%
1893 84,5 m Γερμανία
95%
1965 69,1 m Γαλλία
95%
1984 87,5 m Τουρκία
90%
1969 131 m Μεξικό
85%
1911 124 m Ιαπωνία
85%
1985 91,6 m Ιράν
85%
1916 283 m Ινδονησία
80%
1965 233 m Νιγηρία
75%
1982 116 m Φιλιππίνες
75%
1948 69,7 m Ηνωμένο Βασίλειο
75%
2000 109 m Λαϊκή Δημοκρατία του Κονγκό
70%
2006 64,0 m Νότια Αφρική
70%
1962 59,3 m Ιταλία
70%
1959 174 m Μπανγκλαντές
60%
1991 132 m Αιθιοπία
60%
1985 71,7 m Ταϊλάνδη
60%
2023 50,5 m Σουδάν
55%
1978 100 m Βιετνάμ
45%
2018 56,5 m Κένυα
45%
2019 52,9 m Κολομβία
45%
2014 68,6 m Τανζανία
40%
2013 51,7 m Νότια Κορέα
40%
2012 54,5 m Μιανμάρ
25%
2024 50,1 m Ουγκάντα
25%
No matching quizzes found
Score Distribution
Percent of People with Each Score
Percentile by Number Answered
Your Score History
You have not taken this quiz